Factores exteriores: economía y política /
Na minha lista:
| Autor principal: | |
|---|---|
| Formato: | Texto |
| Tags: |
Adicionar Tag
Sem tags, seja o primeiro a adicionar uma tag!
|
MARC
| LEADER | 00000 a a2200000 04500 | ||
|---|---|---|---|
| 001 | 697 | ||
| 003 | |||
| 040 | |||
| 100 | |a Cobo, Juan | ||
| 245 | |a Factores exteriores: |b economía y política / |c Juan Cobo | ||
| 773 | |g número 3; páginas 56-64 | ||
| 999 | |c 23266 |d 23266 | ||
